Phương pháp nghiên cứu khoa học giáo dục mầm non
Những vấn đề chung trong nghiên cứu khoa học giáo dục mầm non. Những phương pháp cụ thể nghiên cứu khoa học giáo dục mầm non. Sử dụng toán học thống kê trong nghiên cứu khoa học giáo dục mầm non và các bước tiến hành một công trình nghiên cứu khoa học...
Sparad:
| Huvudupphovsman: | |
|---|---|
| Övriga upphovsmän: | , |
| Materialtyp: | Bok |
| Språk: | Vietnamese |
| Publicerad: |
H.
Đại học Sư phạm
2016
|
| Upplaga: | In lần thứ 13 |
| Ämnen: | |
| Taggar: |
Lägg till en tagg
Inga taggar, Lägg till första taggen!
|
| Thư viện lưu trữ: | Mạng thư viện Đại học Đà Nẵng |
|---|
| LEADER | 01661nam a2200373 4500 | ||
|---|---|---|---|
| 001 | 000024306 | ||
| 003 | 20792 | ||
| 005 | 20161110091120.0 | ||
| 008 | 161110s2016 viesd | ||
| 020 | |c 33000đ | ||
| 041 | 0 | |a vie | |
| 082 | 1 | 4 | |a 372.210721 |b NG-T |
| 100 | 1 | |a Nguyễn Thị Ánh Tuyết | |
| 245 | 1 | 0 | |a Phương pháp nghiên cứu khoa học giáo dục mầm non |c Nguyễn Thị Ánh Tuyết (chủ biên), Đinh Văn Vang, Lê Thị Kim Anh |
| 250 | |a In lần thứ 13 | ||
| 260 | |a H. |b Đại học Sư phạm |c 2016 | ||
| 300 | |a 138 tr. |b hình vẽ, bảng |c 24 cm. | ||
| 504 | |a Thư mục: tr. 137-138 | ||
| 520 | 3 | |a Những vấn đề chung trong nghiên cứu khoa học giáo dục mầm non. Những phương pháp cụ thể nghiên cứu khoa học giáo dục mầm non. Sử dụng toán học thống kê trong nghiên cứu khoa học giáo dục mầm non và các bước tiến hành một công trình nghiên cứu khoa học | |
| 650 | 0 | 4 | |a Giáo dục mầm non |v Giáo trình |x Nghiên cứu khoa học |
| 653 | |a Nghiên cứu khoa học | ||
| 653 | |a Phương pháp nghiên cứu | ||
| 700 | 1 | |a Lê Thị Kim Anh | |
| 700 | 1 | |a Đinh Văn Vang | |
| OWN | |a LSP | ||
| AVA | |a UDN50 |b LSP |d 372.210721 NG-T |e available |t Error 5001 Not defined in file expand_doc_bib_avail. |f 5 |g 0 |h N |i 0 |k 1 | ||
| 999 | |a From the UDN01 | ||
| AVA | |a UDN50 |b LSP |d 372.210721 NG-T |e available |t Error 5001 Not defined in file expand_doc_bib_avail. |f 5 |g 0 |h N |i 0 |k 1 | ||
| TYP | |a Monograph | ||
| TYP | |a Printed language | ||
| 980 | |a Mạng thư viện Đại học Đà Nẵng | ||